Topics in metallurgical thermodynamics
Сохранить в:
| Главный автор: | |
|---|---|
| Формат: | |
| Язык: | английский |
| Опубликовано: |
Malabar
Krieger
1989
|
| Редактирование: | 2a. ed |
| Предметы: | |
| Метки: |
Добавить метку
Нет меток, Требуется 1-ая метка записи!
|
MARC
| LEADER | 00000nam a2200000 a 4500 | ||
|---|---|---|---|
| 001 | UCJ2588 | ||
| 003 | CL-VaPUC | ||
| 008 | 070104e19890000US |||||||||||||||||eng|d | ||
| 020 | |a 0894643290 | ||
| 082 | 0 | 4 | |a 669.9 |b DEV |2 21 |
| 100 | 0 | |a Devereux, Owen F |e author |9 503545 | |
| 245 | 1 | 0 | |a Topics in metallurgical thermodynamics |
| 250 | |a 2a. ed | ||
| 300 | |a 494 p | ||
| 942 | |c BK | ||
| 945 | |d 20070104 00:00:00 |a cmena | ||
| 260 | |a Malabar |b Krieger |c 1989 | ||
| 650 | 7 | |a METALURGIA FISICA |2 CL-VaPUC |9 271683 | |
| 650 | 0 | |a Termodinámica |9 259320 | |
| 650 | 0 | |a Electroquímica |9 263973 | |
| 650 | 0 | |a Reacciones químicas |9 259438 | |
| 583 | |a last modification |c 20070104 00:00:00 |k Rodrigo Vera | ||
| 999 | |c 318788 |d 318786 | ||
| 952 | |0 0 |1 0 |4 0 |6 669_900000000000000_DEV_1989 |7 0 |8 A |9 396912 |a BIBING |b BIBING |d 2019-11-22 |i 4310284 |o 669.9 DEV 1989 |p 4310284 |r 2025-01-20 |w 2019-11-22 |y BK |k EIQ | ||